Представление документа в формате RUSMARC

ПолеНазваниеЗначение
  Тип записи c
  Библиографический уровень c
001 Контрольный номер RU/SLIB/B/208755434
005 Дата корректировки 20260128095042.1
010 Индекс ISBN __
d Цена 10000-00
100 Данные общей обработки __
a Данные общей обработки 20260128d1994 m y0rusy028902
101 Язык документа 0_
a Язык текста rus
102 Страна публикации __
a Страна публикации RU
105 Кодированные данные (монография) __
a Кодированные данные (монография) y z 000yy
181 Поле кодированных данных: вид содержания _0
a Код вида содержания (ISBD) i
181 Поле кодированных данных: вид содержания _0
a Код вида содержания (ISBD) d
182 Поле кодированных данных: тип средства _0
a Код типа средства (ISBD) n
200 Заглавие и сведения об ответственности 1_
a Заглавие У камина
e Сведения, относящиеся к заглавию старин. рус. романсы : для голоса в сопровождении фортепиано
203 Вид содержания и тип средства __
a Вид содержания Текст
a Вид содержания Музыка
c Тип средства непосредственные
205 Сведения об издании __
a Основные сведения об издании 3-е издание
210 Выходные данные 1_
a Место издания Москва
c Издательство Музыка
d Дата издания 1994
215 Физическое описание __
a Объем 112 с.
c Иллюстрации/тип воспроизводства ноты
327 Примечание о содержании 0_
a Примечание о содержании Внутренняя музыка
327 Примечание о содержании 0_
a Примечание о содержании Калитка
327 Примечание о содержании 0_
a Примечание о содержании Я помню вальса звук прелестный...
327 Примечание о содержании 0_
a Примечание о содержании Не пробуждай воспоминаний...
327 Примечание о содержании 0_
a Примечание о содержании У камина
327 Примечание о содержании 0_
a Примечание о содержании Утро туманное
327 Примечание о содержании 0_
a Примечание о содержании Дремлют плакучие ивы...
327 Примечание о содержании 0_
a Примечание о содержании Я вам не говорю...
327 Примечание о содержании 0_
a Примечание о содержании Побудь со мной!
327 Примечание о содержании 0_
a Примечание о содержании Накинув плащ, с гитарой под полою...
327 Примечание о содержании 0_
a Примечание о содержании Жалобно стонет ветер осенний...
327 Примечание о содержании 0_
a Примечание о содержании Темно-вишневая шаль
327 Примечание о содержании 0_
a Примечание о содержании Гитара ты моя...
327 Примечание о содержании 0_
a Примечание о содержании Уголок
327 Примечание о содержании 0_
a Примечание о содержании Ничего мне на свете не надо...
327 Примечание о содержании 0_
a Примечание о содержании Чайка
327 Примечание о содержании 0_
a Примечание о содержании Не тверди!
327 Примечание о содержании 0_
a Примечание о содержании Отцвели хризантемы
327 Примечание о содержании 0_
a Примечание о содержании Дитя и роза
327 Примечание о содержании 0_
a Примечание о содержании Льется песня
327 Примечание о содержании 0_
a Примечание о содержании Милая
327 Примечание о содержании 0_
a Примечание о содержании Гори, гори, моя звезда...
327 Примечание о содержании 0_
a Примечание о содержании Зачем любить, зачем страдать
327 Примечание о содержании 0_
a Примечание о содержании В час роковой
327 Примечание о содержании 0_
a Примечание о содержании Тебя любить, обнять и плакать над тобой
606 Тематические рубрики __
a Основная рубрика Музыка и зрелищные искусства
y Географическая подрубрика Россия
2 Код системы nlr_sh
606 Тематические рубрики __
a Основная рубрика Вокальная музыка
2 Код системы nlr_sh
610 Ключевые слова 0_
a Ключевые слова нотные издания; старинные романсы; фортепиано; романсы; вокальные произведения; песни; тема любви; песни о любви; ноты
686 Индексы других классификаций __
a Классификационный индекс 85.94
2 Код системы rubbks
801 Источник записи _0
a Страна RU
b Организация Муниципальное бюджетное учреждение культуры "Централизованная библиотечная система" г. Сургут (Центральная городская библиотека им. А. С. Пушкина)
g Правила каталогизации PSBO
801 Источник записи _1
a Страна RU
b Организация Муниципальное бюджетное учреждение культуры "Централизованная библиотечная система" г. Сургут (Центральная городская библиотека им. А. С. Пушкина)
g Правила каталогизации PSBO
852 Данные о местонахождении __
j Шифр хранения 85.94
c Каталожный индекс 85.94
i Авторский знак У 11
p Инвентарный номер 53127
901 Тип документа __
a Ответственный КиК/Уланова
t Тип документа x
901 Тип документа __
a Ответственный СКБР2026
969 Тип издания __
a Тип издания песенник
a Тип издания нотное издание
990 Данные о заказе (DOS) __
j Количество экземпляров (DOS) 1